000 01395nam a22002297a 4500
999 _c57541
_d57541
003 Ge_BSU
005 20221221150215.0
008 200727s2020 ge ||||| |||| 00| 0 geo d
041 _ageo
080 _a82 ბ-52
100 _aბერიძე, ლოლა
_99040
245 _aსამეტყველო ეტიკეტის თავისებურებები სატელევიზიო დისკურსში :
_bინგლისური და ქართული ენების მასალებზე დაყრდნობით /
_cლოლა ბერიძე, სამეცნ. ხელმძღვ. ირინე გოშხეთელიანი.
264 _aბათუმი,
_c2020
300 _a147 გვ.
_b30 სმ.
501 _aდანართი გვ. 129-147
504 _aბიბლიოგრ. გვ. 115-129
653 _aფილოლოგია
653 _aდისერტაცია
700 _aგოშხეთელიანი, ირინე
_eსამეცნ. ხელმძღვ.
_99041
710 _aბათუმის შოთა რუსთაველის სახელმწიფო უნივერსიტეტი
_99042
_eჰუმანიტარულ მეცნიერებათა ფაკულტეტი
942 _2udc
_cDS